000 00331nam a2200133 i 4500
001 bg
100 1 _aKWIATKOWSKI, Eugeniusz
245 0 _aTeoria trzech sektorów gospodarki /
_cEugeniusz Kwiatkowski.
260 _aWarszawa,
_c1980.
040 _cBPK
041 _apol
942 _cKS
008 s pl f |000 0 pol
999 _c21630
_d21630
856 _uhttp://koha.tu.koszalin.pl/cgi-bin/koha/opac-detail.pl?biblionumber=21630
_yKatalog online BPK